000
00312nam a2200109Ia 4500
008
180219s9999 xx 000 0 und d
020
_a
756402018
100
_a
Zucker, Miriam S.
245
_a
Mickey zucker reighert the return of night fall /
260
_a
USA :
_b
National Books store
_c
2004
300
_a
446 pages
999
_c
355936
_d
355936